British phycological journal /
Guardado en:
| Autor Corporativo: | |
|---|---|
| Formato: | Revista |
| Idioma: | English |
| Publicado: |
Cambridge :
British Phycological Society,
1965- .
|
| Materias: | |
| Acceso en línea: | http://www.cup.cam.ac.uk mailto:information@cup.cam.ac.uk |
| Etiquetas: |
Agregar Etiqueta
Sin Etiquetas, Sea el primero en etiquetar este registro!
|
| LEADER | 00622nas a2200193 4500 | ||
|---|---|---|---|
| 001 | CARPC.001649 | ||
| 005 | 20080606161600.0 | ||
| 008 | 021003c19659999xxkq|#p#######0###a0eng|| | ||
| 022 | |a 0967-0262 | ||
| 210 | 0 | |a Brit.phycol.j. | |
| 245 | 0 | 0 | |a British phycological journal / |c British Phycological Society. |
| 260 | |a Cambridge : |b British Phycological Society, |c 1965- . | ||
| 310 | |a Trimestral. | ||
| 362 | 0 | |a Vol. 1, no. 1 (1965)- . | |
| 710 | 2 | |a British Phycological Society | |
| 653 | |a Biologia | ||
| 856 | 4 | |u http://www.cup.cam.ac.uk | |
| 856 | 0 | |u mailto:information@cup.cam.ac.uk | |
| 866 | |9 EUN |a 1982-1988 17-23; 1992 27 |s 589.3 B777 | ||
